000 00574cam a2200181 a 4500
020 _a0312137486
082 _a001.4
_bWEI
_cD
100 1 _aWeidenborner, Stephen.
_97445
245 1 0 _aWriting research papers :
_ba guide to the process /
_cStephen Weidenborner, Domenick Caruso.
250 _a5th ed.
260 _aNew York :
_bSt. Martin's Press,
_cc1997.
300 _axv, 301 p. :
_bill. ;
_c24 cm.
526 _a0
_b0
_c0
_d001_400000000000000_WEI
650 0 _aReport writing.
_93246
650 0 _aResearch.
_9552
700 1 _aCaruso, Domenick.
_97446
942 _2ddc
_cBK
999 _c551677
_d551677